书目信息 |
| 题名: |
天安门广场导游
|
|
| 作者: | 刘锋 编著 | |
| 分册: | ||
| 出版信息: | 北京 旅游教育出版社 2002.09 |
|
| 页数: | 70页 | |
| 开本: | 21cm | |
| 丛书名: | 《自助逛京城》精品丛书 | |
| 单 册: | ||
| 中图分类: | K928.8 | |
| 科图分类: | ||
| 主题词: | 天安门--广场--简介 | |
| 电子资源: | ||
| ISBN: | 7-5637-0925-8 | |
| 000 | 01076nam 2200265 450 | |
| 001 | 0137822250 | |
| 005 | 20050822021743.42 | |
| 010 | @a7-5637-0925-8@dCNY8.00 | |
| 100 | @a20050305d2002 km y0chiy0120 ea | |
| 101 | 0 | @achi |
| 102 | @aCN@b110000 | |
| 105 | @aab z 000yy | |
| 200 | 1 | @a天安门广场导游@Atian an men guang chang dao you@e世界最大城市中心广场揽胜 (含: 西单、前门、王府井等处导览)@f刘锋编著@Fliu feng bian zhu |
| 205 | @a第2版 | |
| 210 | @a北京@c旅游教育出版社@d2002.09 | |
| 215 | @a70页@c图, 地图@d21cm | |
| 225 | 2 | @a《自助逛京城》精品丛书 |
| 330 | @a本书系统地介绍了天安门广场、天安门城楼、长安街、国庆五十周年大典盛况、人民英雄纪念碑、毛主席纪念堂、人民大会堂等。 | |
| 410 | 0 | @12001 @a《自助逛京城》精品丛书 |
| 517 | 1 | @a世界最大城市中心广场揽胜 (含: 西单、前门、王府井等处导览)@Ashi jie zui da cheng shi zhong xin guang chang lan sheng(han:xi dan、qian men、wang fu jing deng chu dao lan) |
| 606 | 0 | @a天安门@x广场@x简介 |
| 690 | @aK928.8@v4 | |
| 701 | 0 | @a刘锋@Aliu feng@4编著 |
| 801 | 0 | @aCN@bQSSK@c20050822 |
| 905 | @a10447@dK928.8@eL612 | |
| 天安门广场导游:世界最大城市中心广场揽胜 (含: 西单、前门、王府井等处导览)/刘锋编著.-第2版.-北京:旅游教育出版社,2002.09 |
| 70页:图, 地图;21cm.-(《自助逛京城》精品丛书) |
| ISBN 7-5637-0925-8:CNY8.00 |
| 本书系统地介绍了天安门广场、天安门城楼、长安街、国庆五十周年大典盛况、人民英雄纪念碑、毛主席纪念堂、人民大会堂等。 |
| ● |
| 相关链接 |
|
|
|
正题名:天安门广场导游
索取号:K928.8/L612
 
预约/预借
| 序号 | 登录号 | 条形码 | 馆藏地/架位号 | 状态 | 备注 |
| 1 | 529269 | 205292690 | 社科库309/309社科库 20排2列1层/ [索取号:K928.8/L612] | 在馆 | |
| 2 | 529270 | 205292707 | 社科库309/309社科库 20排2列1层/ [索取号:K928.8/L612] | 在馆 | |
| 3 | 529271 | 205292716 | 社科库309/309社科库 20排2列1层/ [索取号:K928.8/L612] | 在馆 |